| 000 | 00461cam a22001457a 4500 | ||
|---|---|---|---|
| 008 | 180718b1995 xxu||||| |||| 00| 0 eng d | ||
| 082 | _aB19 C361 | ||
| 245 |
_aGrassroots movements and social change _cedited by Neera Chandhoke and Ashish Ghosh |
||
| 260 |
_aDelhi _bDeveloping Countries Research Centre _c1995 |
||
| 300 | _a200p. | ||
| 440 | _aGrassroots politics series; 1 | ||
| 650 | _aSocial change. | ||
| 700 | _aGhosh, Ashish | ||
| 700 | _aChandhoke, Neera | ||
| 999 |
_c379608 _d379608 |
||